|
|
|
|
| LEADER |
00000cam a2200000 7i4500 |
| 001 |
0000004540 |
| 005 |
20151222.0 |
| 008 |
070730 |
| 020 |
|
|
|a 1842364138
|
| 090 |
0 |
0 |
|a ENC
|b ENG (4255)
|
| 245 |
0 |
0 |
|a First A to Z encyclopedia :
|b Oceania,Russia
|
| 260 |
|
|
|a Miles Kelly Publishing
|
| 300 |
|
|
|a Volume 7
|
| 500 |
|
|
|a Children ages 7-9 years old (orange)
|
| 650 |
|
0 |
|a Encyclopedia
|
| 650 |
|
0 |
|a Junior fiction
|x English
|x Languages
|
| 999 |
|
|
|a 0000970766
|b Book
|c REFERENCE
|e Cawangan Urban Transformation Centre
|
| 999 |
|
|
|a 0000970795
|b Book
|c REFERENCE
|e Cawangan Urban Transformation Centre
|
| 999 |
|
|
|a 0001069939
|b Book
|c Children Collection
|e Cawangan Batu Pahat
|
| 999 |
|
|
|a 0001069947
|b Book
|c Children Collection
|e Cawangan Pontian
|
| 999 |
|
|
|a 0001069948
|b Book
|c Children Collection
|e Cawangan Bandar Penawar
|
| 999 |
|
|
|a 0001069968
|b Book
|c Children Collection
|e Cawangan Batu Pahat
|
| 999 |
|
|
|a 0001132897
|b Book
|c Children Collection
|e Cawangan Pontian
|
| 999 |
|
|
|a 0001132899
|b Book
|c Children Collection
|e Cawangan Batu Pahat
|
| 999 |
|
|
|a 0001132900
|b Book
|c Children Collection
|e Cawangan Bandar Penawar
|
| 999 |
|
|
|a 0001132901
|b Book
|c Children Collection
|e Cawangan Bukit Gambir
|
| 999 |
|
|
|a 0001132904
|b Book
|c REFERENCE
|e Cawangan Bandar Tenggara
|
| 999 |
|
|
|a 0001132905
|b Book
|c REFERENCE
|e Cawangan Segamat
|
| 999 |
|
|
|a 0001132907
|b Book
|c Children Collection
|e Cawangan Taman Universiti
|